01226nam a2200289 a 450000100100000000300100001000500170002000800410003704000220007808200180010010000260011824501450014424600970028926000360038630000350042250000630045765000510052065000510057165000370062270000310065991000370069094200120072794500340073995201100077395600380088399900150092100002089800002089820180320094245.0100823s2007 dr ac 001 0 spa d aBPMSUbspacBPMSU04a324.63bB585a1 aBidó, Angel María10a44 Años de elecciones democráticas en la República Dominicana 1962-2006 /cAngel María Bidó ; Prólogo José A. Silié Gatón.13aCuarenta y cuatro años de elecciones democráticas en la República Dominicana 1962-2006 aSanto Domingo :bVargas,c2007. a206 p. :bil., retrs. c22 cm. aIncluye datos biográficos del autor en la contracubierta 4aELECCIONES zREPÚBLICA DOMINICANAy1962-2006 4aTÁCTICAS POLÍTICASzREPÚBLICA DOMINICANA 4aSUFRAGIOzREPÚBLICA DOMINICANA12aSilié Gatón, José A. aValidado. Control de calidad MFF 2ddccBK aRemanejado para la BNPHU / VM 00102ddc40708CDaBPMETbBPMETd2014-07-14l0o324.63 M332cpBPMSU15040525r2014-07-14w2014-07-14yBK aVMATEOb10c20150914lBPMSUh0069 c7130d7130